[Event "KGSRL - Borgerhout"]
[Site "?"]
[Date "2011.02.27"]
[Round "9.8"]
[White "Vanheirzeele, Daniel"]
[Black "Veltkamp, Gerben"]
[Result "1/2-1/2"]
[WhiteElo "2207"]
[BlackElo "2241"]
[PlyCount "108"]
[EventDate "2011.02.28"]
[SourceDate "2011.02.28"]

1. d4 d5 2. c4 c6 3. Nf3 Nf6 4. Nc3 a6 5. a4 e6 6. g3 dxc4 7. Bg2 c5 8. dxc5
Qxd1+ 9. Nxd1 Nc6 10. Ne3 Bxc5 11. Nxc4 Ke7 12. O-O Rd8 13. b3 Ne4 14. Bb2 f6
15. e3 Nd6 16. Rac1 Bd7 17. Nfd2 Nxc4 18. Rxc4 Bb4 19. Ne4 b5 20. axb5 axb5 21.
Rc2 Na5 22. Bc3 Bxc3 23. Nxc3 Rac8 24. b4 Nc6 25. Nxb5 Nxb4 26. Rxc8 Rxc8 27.
Nd4 e5 28. Nf3 Rc2 29. Rd1 Ba4 30. Ra1 Na2 31. Ne1 Rd2 32. Nf3 Rb2 33. h4 Nc3
34. Bf1 Bc6 35. Ne1 Ne2+ 36. Kh2 Be4 37. Ra7+ Kf8 38. Bg2 Nc3 39. Rc7 Bxg2 40.
Kxg2 Nd1 41. Rc2 Ke7 42. Rxb2 Nxb2 43. e4 Kd6 44. Nc2 Nc4 45. Kf3 h5 46. g4
Nd2+ 47. Ke3 Nc4+ 48. Kf3 g6 49. gxh5 gxh5 50. Nb4 Kc5 51. Nd5 f5 52. Nf6 Nd6
53. exf5 Nxf5 54. Nxh5 Nxh4+ 1/2-1/2

[Event "CREC - CRELEL"]
[Site "?"]
[Date "2011.03.20"]
[Round "10.1"]
[White "Saibulatov, Daniyal"]
[Black "Vandevoort, Pascal"]
[Result "1/2-1/2"]
[WhiteElo "2396"]
[BlackElo "2414"]
[PlyCount "21"]
[EventDate "2011.03.20"]

1. e4 c5 2. Nf3 d6 3. d4 cxd4 4. Nxd4 Nf6 5. Nc3 g6 6. h3 Bg7 7. g4 Nc6 8. Nde2
O-O 9. Bg2 Rb8 10. a4 a6 11. O-O 1/2-1/2

[Event "CRELEL - CREC"]
[Site "?"]
[Date "2011.03.20"]
[Round "10.2"]
[White "Soors, Stef"]
[Black "Laurent, Bruno"]
[Result "0-1"]
[WhiteElo "2308"]
[BlackElo "2353"]
[PlyCount "72"]
[EventDate "2011.03.20"]

1. e4 e6 2. d4 d5 3. Nd2 c5 4. exd5 exd5 5. Ngf3 Nf6 6. Bb5+ Bd7 7. Bxd7+ Nbxd7
8. O-O Be7 9. dxc5 Nxc5 10. Nb3 Nce4 11. Ne5 O-O 12. Nd3 Re8 13. c3 Qd7 14. a4
Rac8 15. Re1 Bd6 16. f3 Qc7 17. h3 Ng3 18. Nd4 Rxe1+ 19. Qxe1 Re8 20. Be3 a6
21. Qd2 Nfh5 22. Re1 Qd7 23. b3 g6 24. Bf2 Rc8 25. Nb4 Bf4 26. Be3 Bb8 27. Ndc2
Qd6 28. Nxd5 Nf5 29. g4 Nh4 30. Qf2 Nxf3+ 31. Qxf3 Qh2+ 32. Kf1 Ng3+ 33. Qxg3
Bxg3 34. Ne7+ Kg7 35. Bd4+ f6 36. Nxc8 Qxh3+ 0-1

[Event "CREC - CRELEL"]
[Site "?"]
[Date "2011.03.20"]
[Round "10.5"]
[White "Dal Borgo, Albin"]
[Black "Gillain, Christoph"]
[Result "0-1"]
[WhiteElo "2201"]
[BlackElo "2095"]
[PlyCount "120"]
[EventDate "2011.03.20"]

1. d4 e6 2. Nf3 Nf6 3. Bg5 d5 4. e3 c5 5. c3 Nc6 6. Nbd2 Be7 7. Bd3 cxd4 8.
exd4 O-O 9. O-O a6 10. a4 Bd7 11. Re1 Na5 12. Ne5 b5 13. Nxd7 Qxd7 14. axb5
axb5 15. Qf3 Nc4 16. Rxa8 Rxa8 17. Nxc4 bxc4 18. Bxc4 Rb8 19. Bd3 Rxb2 20. Ra1
Rb8 21. Qg3 Rc8 22. Qf3 Rb8 23. h4 Qc8 24. g4 Ra8 25. Rc1 Kf8 26. h5 h6 27. Be3
Ra3 28. g5 hxg5 29. Bxg5 Rxc3 30. Rxc3 Qxc3 31. h6 Qxd4 32. Qg3 e5 33. Qh3 gxh6
34. Bxh6+ Ke8 35. Qc8+ Bd8 36. Bb5+ Ke7 37. Qb7+ Ke6 38. Qc8+ Ke7 39. Qb7+ Ke6
40. Qc6+ Kf5 41. Qc8+ Kg6 42. Qxd8 Qg4+ 43. Kf1 Qh3+ 44. Ke1 Qxh6 45. Qc7 Qf4
46. Bd3+ Ne4 47. Qb6+ Kf5 48. Bxe4+ Qxe4+ 49. Kf1 d4 50. Qh6 Qf4 51. Qh8 Qc1+
52. Ke2 Qc4+ 53. Ke1 d3 54. Qh3+ Kf6 55. Qh8+ Kg6 56. Qg8+ Kf5 57. Qh7+ Ke6 58.
Qh6+ Kd5 59. Qg5 Qe4+ 60. Kd2 Kc4 0-1

[Event "CRELEL - CREC"]
[Site "?"]
[Date "2011.03.20"]
[Round "10.6"]
[White "Valentiny, Benoit"]
[Black "Remy, Joël"]
[Result "1/2-1/2"]
[WhiteElo "1855"]
[BlackElo "2099"]
[PlyCount "51"]
[EventDate "2011.03.20"]

1. Nf3 g6 2. d3 Bg7 3. e4 d5 4. Nbd2 c5 5. c3 Nc6 6. a4 d4 7. Ra3 e5 8. Be2
Nge7 9. O-O O-O 10. Re1 h6 11. Bf1 Be6 12. Nc4 a6 13. Qc2 Qc7 14. Bd2 Rac8 15.
a5 Bxc4 16. dxc4 dxc3 17. Bxc3 Nd4 18. Nxd4 cxd4 19. Bd2 Nc6 20. Qc1 h5 21. b4
Nd8 22. Qb1 Ne6 23. Rc1 Qe7 24. Qd3 Rfd8 25. Qg3 Qd7 26. Rd1 1/2-1/2

[Event "CREC - CRELEL"]
[Site "?"]
[Date "2011.03.20"]
[Round "10.7"]
[White "Bruno, Ricardo"]
[Black "Porteman, Eric"]
[Result "1-0"]
[WhiteElo "1944"]
[BlackElo "1937"]
[PlyCount "49"]
[EventDate "2011.03.20"]

1. e4 e6 2. d4 d5 3. Nc3 Bb4 4. exd5 exd5 5. Qf3 Nf6 6. Bd3 O-O 7. Nge2 Bg4 8.
Qg3 Qd7 9. O-O c6 10. h3 Bf5 11. Bg5 Ne4 12. Bxe4 dxe4 13. Bf6 Bg6 14. Be5 f6
15. Bf4 Na6 16. Rad1 Bh5 17. Rd2 g5 18. a3 Be7 19. Nxe4 Bg6 20. Nc5 Qd5 21. Nc3
Qf7 22. Be3 h6 23. Nxa6 bxa6 24. d5 cxd5 25. Nxd5 {Win won, notatie onleesbaar}
1-0

[Event "CRELEL - REC"]
[Site "?"]
[Date "2011.03.20"]
[Round "10.8"]
[White "Nottet, Tristan"]
[Black "Hanset, Marc"]
[Result "0-1"]
[WhiteElo "1625"]
[BlackElo "1879"]
[PlyCount "46"]
[EventDate "2011.03.20"]

1. e4 e5 2. d4 exd4 3. Nf3 Nc6 4. Bc4 Nf6 5. O-O Bc5 6. e5 d5 7. exf6 dxc4 8.
Re1+ Be6 9. Ng5 Qd5 10. Nc3 Qf5 11. Nce4 gxf6 12. g4 Qe5 13. Nf3 Bxg4 14. Nxc5
Bxf3 15. Rxe5+ Nxe5 16. Qe1 Rg8+ 17. Kf1 Bg2+ 18. Ke2 O-O-O 19. f4 Ng4 20. Qb4
Rge8+ 21. Kd2 Nxh2 22. c3 d3 23. Kd1 Bf3+ 0-1

[Event "KGSRL - Rochade"]
[Site "?"]
[Date "2011.03.20"]
[Round "10.1"]
[White "Rozentalis, Eduardas"]
[Black "Vaganian, Rafael"]
[Result "1/2-1/2"]
[WhiteElo "2588"]
[BlackElo "2577"]
[PlyCount "35"]
[EventDate "2011.??.??"]

1. e4 Nf6 2. e5 Nd5 3. d4 d6 4. c4 Nb6 5. f4 dxe5 6. fxe5 Bf5 7. Nc3 e6 8. Nf3
Nc6 9. Be3 Be7 10. Be2 f6 11. exf6 Bxf6 12. O-O O-O 13. d5 Ne5 14. Bc5 Re8 15.
Qb3 Nbd7 16. Ba3 Ng4 17. Rac1 c5 18. dxc6 1/2-1/2

[Event "Rochade - KGSRL"]
[Site "?"]
[Date "2011.03.20"]
[Round "10.4"]
[White "Fiebig, Thomas"]
[Black "Van Oosterom, Chiel"]
[Result "1-0"]
[WhiteElo "2453"]
[BlackElo "2413"]
[PlyCount "95"]
[EventDate "2011.??.??"]

1. e4 c5 2. c3 d5 3. exd5 Qxd5 4. d4 g6 5. dxc5 Qxd1+ 6. Kxd1 Bg7 7. Be3 Nf6 8.
Nf3 Ng4 9. Nbd2 O-O 10. Bd3 Na6 11. Nb3 Nxe3+ 12. fxe3 Bd7 13. Nfd4 Rfd8 14.
Kc2 e5 15. c6 exd4 16. cxd7 dxc3 17. Bxa6 bxa6 18. Rad1 Rab8 19. bxc3 Rb7 20.
Nc5 Rc7 21. Rd5 Bf8 22. Ne4 Be7 23. Rhd1 f5 24. Nf2 Bf6 25. R1d3 Kf7 26. g4 Bh4
27. Rd2 Bxf2 28. Rxf2 Ke6 29. Rd4 Rdxd7 30. gxf5+ gxf5 31. Rfd2 Re7 32. c4 Rc6
33. Rh4 Rc5 34. Kc3 Kf6 35. Re2 Rce5 36. Kd3 Re4 37. Rxe4 Rxe4 38. Rb2 Re7 39.
c5 Ke5 40. Kc4 Rc7 41. Rb8 Re7 42. Rf8 Re6 43. Rf7 Ke4 44. Rxh7 Kxe3 45. Kd5
Re8 46. Rf7 f4 47. c6 Rd8+ 48. Ke6 1-0

[Event "Rochade - KGSRL"]
[Site "?"]
[Date "2011.03.20"]
[Round "10.6"]
[White "Meessen, Rudolf"]
[Black "Vandenbussche, Thibaut"]
[Result "0-1"]
[WhiteElo "2360"]
[BlackElo "2374"]
[PlyCount "80"]
[EventDate "2011.??.??"]

1. d4 d6 2. Nf3 g6 3. Bf4 Bg7 4. e3 Nd7 5. Bc4 e5 6. dxe5 dxe5 7. Bxf7+ Kxf7 8.
Ng5+ Ke7 9. Qd5 Nh6 10. Nc3 Nb6 11. Qa5 Ke8 12. O-O Qe7 13. Rfe1 Nf7 14. Nce4
h6 15. Nxf7 Kxf7 16. Bg3 Rd8 17. Qc3 Nd5 18. Qb3 Qb4 19. Qd3 Bf5 20. f3 Nf6 21.
a3 Qxe1+ 22. Rxe1 Rxd3 23. cxd3 Nd5 24. Bf2 Rd8 25. Rc1 c6 26. Kf1 Nf6 27. Ke2
Nxe4 28. fxe4 Bg4+ 29. Kd2 Ke7 30. Bh4+ g5 31. Bg3 Bf6 32. Rc5 Ke6 33. h3 Bh5
34. Rc1 Bg6 35. Ke2 h5 36. Rf1 h4 37. Bf2 c5 38. Rc1 Rc8 39. Be1 c4 40. dxc4
Bxe4 0-1

[Event "Rochade - KGSRL"]
[Site "?"]
[Date "2011.03.20"]
[Round "10.8"]
[White "Klein, Felix"]
[Black "Vanheirzeele, Daniel"]
[Result "1-0"]
[WhiteElo "2315"]
[BlackElo "2207"]
[PlyCount "69"]
[EventDate "2011.??.??"]

1. e4 c5 2. Nf3 d6 3. d4 cxd4 4. Nxd4 Nf6 5. Nc3 g6 6. Be3 a6 7. Qd2 b5 8. a4
b4 9. Nd5 Nxd5 10. exd5 Bb7 11. Bc4 Nd7 12. Qxb4 Rb8 13. Qd2 Nb6 14. Bxa6 Bxd5
15. Bb5+ Nd7 16. Bc6 Bc4 17. Qc3 d5 18. b3 Ba6 19. Ne6 fxe6 20. Qxh8 Qc7 21.
Bxd7+ Kxd7 22. Qd4 Bg7 23. Qxg7 Qxc2 24. Bd2 Rxb3 25. f3 Re3+ 26. Kf2 Qxd2+ 27.
Kg3 Re2 28. Rhg1 g5 29. Qf7 Bd3 30. Rad1 Qe3 31. h3 Bf5 32. Kh2 Qf4+ 33. Kh1
Qg3 34. Rxd5+ exd5 35. Qxd5+ 1-0

[Event "Amay - KBSK "]
[Site "?"]
[Date "2011.03.20"]
[Round "10.1"]
[White "Prié, Eric"]
[Black "Maenhout, Thibaut"]
[Result "1/2-1/2"]
[WhiteElo "2524"]
[BlackElo "2354"]
[PlyCount "46"]
[EventDate "2011.??.??"]
[SourceDate "2011.03.20"]

1. d4 Nf6 2. Bf4 c5 3. e3 cxd4 4. exd4 d5 5. c3 Nc6 6. Bd3 Bg4 7. Qb3 Qd7 8.
Nd2 a6 9. h3 Bh5 10. Ngf3 e6 11. O-O Bg6 12. Bxg6 hxg6 13. Ne5 Nxe5 14. dxe5
Ng8 15. c4 Ne7 16. Rfd1 d4 17. Nf3 Nc6 18. Qd3 Bc5 19. a3 a5 20. Qe4 a4 21. Rd3
Qc7 22. Rad1 Qb6 23. R1d2 Rd8 1/2-1/2

[Event "KBSK - Amay"]
[Site "?"]
[Date "2011.03.20"]
[Round "10.2"]
[White "Donovan, Linton"]
[Black "Burg, Twan"]
[Result "0-1"]
[WhiteElo "2448"]
[BlackElo "2303"]
[PlyCount "40"]
[EventDate "2011.??.??"]

1. e4 c5 2. Nc3 d6 3. f4 g6 4. Nf3 Bg7 5. Bc4 Nc6 6. O-O Nf6 7. d3 O-O 8. Qe1
Nd4 9. Bb3 a5 10. Be3 Ng4 11. Bd2 a4 12. Nxa4 b5 13. Nc3 c4 14. dxc4 bxc4 15.
Ba4 Rxa4 16. Nxa4 Nxc2 17. Qe2 Nxa1 18. h3 Bd7 19. hxg4 Bxa4 20. Rxa1 Qb6+ 0-1

[Event "Amay - KBSK "]
[Site "?"]
[Date "2011.03.20"]
[Round "10.3"]
[White "Bitalzadeh, Ali"]
[Black "Piceau, Tom"]
[Result "0-1"]
[WhiteElo "2422"]
[BlackElo "2300"]
[PlyCount "60"]
[EventDate "2011.??.??"]

1. d4 Nf6 2. c4 c5 3. d5 b5 4. cxb5 a6 5. e3 Bb7 6. bxa6 Nxa6 7. Nc3 e6 8. e4
exd5 9. exd5 Bd6 10. Bc4 O-O 11. h3 Re8+ 12. Nge2 Ne4 13. O-O Qh4 14. Bd3 Nxc3
15. Nxc3 Nb4 16. Bb1 Be5 17. Ne4 h6 18. a3 d6 19. Re1 Nxd5 20. Qc2 Bd4 21. Rf1
Re6 22. Kh2 Nb4 23. axb4 Rxa1 24. Ng3 g6 25. bxc5 dxc5 26. b4 cxb4 27. Rd1 Rc6
28. Qb3 Bxf2 29. Bb2 Rxb1 30. Rxb1 Rc3 0-1

[Event "KBSK - Amay"]
[Site "?"]
[Date "2011.03.20"]
[Round "10.4"]
[White "Gryson, Wouter"]
[Black "Tan, Matthew"]
[Result "0-1"]
[WhiteElo "2236"]
[BlackElo "2368"]
[PlyCount "76"]
[EventDate "2011.??.??"]

1. d4 Nf6 2. Nf3 c5 3. e3 g6 4. dxc5 Qa5+ 5. Nc3 Bg7 6. Qd4 Nc6 7. Qc4 Ne4 8.
Bd2 Nxd2 9. Nxd2 b5 10. Nxb5 Bxb2 11. Rb1 Bg7 12. Bd3 O-O 13. Ke2 Rb8 14. a4 a6
15. Nb3 Qd8 16. N5d4 Ne5 17. Qc3 Bb7 18. f3 Nxd3 19. cxd3 e5 20. Nc2 Qg5 21.
Kf2 e4 22. d4 exf3 23. gxf3 Qh4+ 24. Ke2 Qh3 25. Rhf1 Qg2+ 26. Kd3 Bxf3 27.
Rxf3 Qxf3 28. Qc4 d5 29. Qc3 Bh6 30. Re1 Rfe8 31. c6 Rbc8 32. Qc5 Re6 33. Na5
Rce8 34. c7 Bxe3 35. c8=Q Bc1+ 36. Ne3 Rxe3+ 37. Rxe3 Qxe3+ 38. Kc2 Qd2+ 0-1

[Event "Amay - KBSK "]
[Site "?"]
[Date "2011.03.20"]
[Round "10.5"]
[White "Broekmeulen, Jasper"]
[Black "Verlinde, Tieme"]
[Result "1-0"]
[WhiteElo "2376"]
[BlackElo "2222"]
[PlyCount "169"]
[EventDate "2011.??.??"]
[SourceDate "2011.03.20"]

1. e4 c5 2. Nf3 d6 3. d4 cxd4 4. Nxd4 Nf6 5. Nc3 a6 6. f4 e5 7. Nf5 g6 8. fxe5
gxf5 9. exf6 Nd7 10. exf5 Nxf6 11. Bg5 Be7 12. Bd3 Rg8 13. Qd2 Ng4 14. Bf4 Qa5
15. O-O-O Bd7 16. Kb1 O-O-O 17. Be4 Rde8 18. Bxd6 Bxd6 19. Qxd6 Qc7 20. Qd4 Bc6
21. Bxc6 Qxc6 22. Nd5 Kb8 23. f6 Re2 24. Qd3 Rge8 25. Ne7 Qe6 26. Qg3+ Ka8 27.
Nd5 Qe4 28. Qc3 Nf2 29. Nc7+ Kb8 30. Nxe8 Nxd1 31. Qc7+ Ka7 32. Qc5+ Kb8 33.
Rxd1 Qxe8 34. Qd6+ Ka7 35. Qd4+ Ka8 36. Qd8+ Qxd8 37. Rxd8+ Ka7 38. Kc1 Rxg2
39. Rf8 Rxh2 40. Rxf7 h5 41. c4 h4 42. c5 Kb8 43. Rh7 Rf2 44. f7 Ka7 45. c6 Rf6
46. c7 Rc6+ 47. Kd2 Rxc7 48. f8=Q Rxh7 49. Qf5 Rh8 50. Qf6 Rh7 51. Qd4+ b6 52.
Qe4 Rd7+ 53. Kc3 h3 54. Qh4 Rc7+ 55. Kd3 a5 56. Qxh3 Kb7 57. Kd4 Ka7 58. Kd5
Kb7 59. Qf3 Rc5+ 60. Kd6+ Ka7 61. Qf7+ Ka6 62. Qg8 Kb7 63. Qg7+ Ka6 64. Qd4 Rc1
65. Qe3 Rc8 66. Kd7 Kb7 67. Qe4+ Kb8 68. Qd5 Rc7+ 69. Kd6 Rc8 70. Qf7 Rc1 71.
a3 Rc8 72. b4 axb4 73. axb4 Rc1 74. b5 Rc8 75. Qd7 Rc1 76. Qc6 Rd1+ 77. Ke5
Re1+ 78. Kd6 Rd1+ 79. Ke7 Re1+ 80. Kd7 Ka7 81. Qc7+ Ka8 82. Qc8+ Ka7 83. Qa6+
Kb8 84. Qxb6+ Ka8 85. Qa5+ 1-0

[Event "KBSK - Amay"]
[Site "?"]
[Date "2011.03.20"]
[Round "10.6"]
[White "Bertrem, Stijn"]
[Black "Costa, Serge"]
[Result "1-0"]
[WhiteElo "2238"]
[BlackElo "1985"]
[PlyCount "45"]
[EventDate "2011.??.??"]

1. d4 d5 2. c4 e6 3. cxd5 exd5 4. Nc3 Nf6 5. Bg5 Be7 6. e3 h6 7. Bh4 c6 8. Bd3
Qb6 9. Qc2 Be6 10. Nge2 Nbd7 11. O-O g5 12. Bg3 Nh5 13. e4 Nxg3 14. Nxg3 dxe4
15. Bxe4 Qxd4 16. Rfd1 Qc5 17. b4 Qb6 18. Nf5 Bf8 19. b5 Nf6 20. bxc6 bxc6 21.
Na4 Qc7 22. Bxc6+ Nd7 23. Bxd7+ 1-0

[Event "Amay - KBSK "]
[Site "?"]
[Date "2011.03.20"]
[Round "10.7"]
[White "Wolf, Pierre"]
[Black "Verduyn, Frederic"]
[Result "0-1"]
[WhiteElo "1937"]
[BlackElo "2184"]
[PlyCount "76"]
[EventDate "2011.??.??"]

1. d4 d6 2. Nf3 Bg4 3. Qd3 c6 4. h3 Bh5 5. Bf4 Nf6 6. Nbd2 Nbd7 7. c4 Qa5 8. a3
e5 9. b4 Qc7 10. Bh2 O-O-O 11. Qb3 exd4 12. Nxd4 Qb6 13. e3 c5 14. N4f3 g5 15.
Bd3 g4 16. hxg4 Bxg4 17. Bg3 Bg7 18. Rb1 Rhe8 19. Ng5 cxb4 20. c5 Nxc5 21. Qc2
b3 22. Nxb3 Be6 23. Nxe6 fxe6 24. O-O Nfd7 25. Nxc5 Qxc5 26. Qb3 Qd5 27. Rfc1+
Nc5 28. Qxd5 exd5 29. Bxd6 Rxd6 30. Rxc5+ Kb8 31. Bxh7 d4 32. exd4 Bxd4 33.
Rcb5 b6 34. Bf5 Re2 35. Rf1 Bc5 36. a4 Rd4 37. Rb3 Rxa4 38. g4 Rf4 0-1

[Event "KBSK - Amay"]
[Site "?"]
[Date "2011.03.20"]
[Round "10.8"]
[White "Viaene, Arvid"]
[Black "Scharapow, Yvan"]
[Result "1/2-1/2"]
[WhiteElo "2173"]
[BlackElo "1791"]
[PlyCount "85"]
[EventDate "2011.??.??"]

1. e4 e5 2. Nc3 Nf6 3. g3 Bc5 4. Bg2 d6 5. Nge2 Nc6 6. Na4 Bb6 7. Nxb6 axb6 8.
d4 h6 9. h3 Bd7 10. b3 Qe7 11. d5 Nb4 12. Qd2 Na6 13. c4 Nc5 14. Qc2 Nh7 15. b4
Na6 16. Bd2 O-O 17. O-O f5 18. exf5 Bxf5 19. Qb3 Ng5 20. Bxg5 Qxg5 21. Nc3 Qg6
22. Rfe1 Bc2 23. Qb2 Bd3 24. Be4 Bxe4 25. Nxe4 Qf5 26. Kh2 Rf7 27. Re3 Raf8 28.
Rf1 Qg6 29. Kg2 Qh5 30. f3 Qg6 31. a3 h5 32. h4 Rf4 33. Kh2 R4f5 34. Ng5 Nb8
35. Ne6 R8f7 36. Ng5 Nd7 37. Nxf7 Qxf7 38. Qc2 Rf4 39. Kg2 Rf6 40. Qa4 Rg6 41.
Kh2 Nf6 42. Re2 Ng4+ 43. Kg2 1/2-1/2

[Event "Namur - Ans"]
[Site "?"]
[Date "2011.03.20"]
[Round "10.1"]
[White "Geenen, Marc"]
[Black "Winants, Luc"]
[Result "0-1"]
[WhiteElo "2316"]
[BlackElo "2515"]
[PlyCount "36"]
[EventDate "2010.10.07"]
[SourceDate "2011.03.20"]

1. e4 e5 2. Nf3 Nc6 3. Bc4 Bc5 4. b4 Bxb4 5. c3 Ba5 6. d4 d6 7. Qb3 Qd7 8. dxe5
Bb6 9. Bb5 a6 10. Qa4 Nge7 11. Ba3 O-O 12. O-O axb5 13. Qxa8 Ng6 14. Bc1 Ncxe5
15. Nd4 Nh4 16. Nf5 Nxf5 17. exf5 Qxf5 18. Qa3 Qg6 0-1

[Event "Ans - Namur"]
[Site "?"]
[Date "2011.03.20"]
[Round "10.4"]
[White "Erwich, Marc"]
[Black "Denayer, Eric"]
[Result "1-0"]
[WhiteElo "2415"]
[BlackElo "2245"]
[PlyCount "83"]
[EventDate "2010.10.07"]
[SourceDate "2011.03.20"]

1. e4 c6 2. d4 g6 3. Nf3 d5 4. exd5 cxd5 5. Bd3 Bg7 6. O-O Nc6 7. c3 Nf6 8. h3
Qc7 9. Re1 O-O 10. Nbd2 Nh5 11. Nb3 Kh8 12. Be3 Bd7 13. Qd2 Rae8 14. g4 Nf6 15.
Bf4 Qc8 16. Ne5 Nxe5 17. dxe5 Ne4 18. Qe3 b6 19. f3 Nc5 20. Bf1 f5 21. Nxc5
Qxc5 22. Qxc5 bxc5 23. e6 Bc6 24. g5 d4 25. cxd4 Bxd4+ 26. Kg2 Rd8 27. Rac1 Bd5
28. b3 Rc8 29. Bb5 Bc6 30. Ba6 Rcd8 31. Bc7 f4 32. Bxd8 Rxd8 33. b4 Rd5 34. h4
Be5 35. Rb1 cxb4 36. Rxb4 Rd2+ 37. Re2 Rd1 38. Bb7 a5 39. Rbb2 Bd5 40. Bxd5
Rxd5 41. Rec2 h6 42. Rb7 1-0

[Event "Namur - Ans"]
[Site "?"]
[Date "2011.03.20"]
[Round "10.5"]
[White "Bolzoni, Victor-Angel"]
[Black "Jelmer, Jens"]
[Result "1/2-1/2"]
[WhiteElo "2236"]
[BlackElo "2386"]
[PlyCount "130"]
[EventDate "2010.10.07"]
[SourceDate "2011.03.20"]

1. e4 c5 2. Nf3 d6 3. Bc4 Nf6 4. Qe2 Nc6 5. Nc3 Bg4 6. h3 Nd4 7. Bb5+ Nd7 8.
Qd3 Bxf3 9. gxf3 g6 10. h4 Bg7 11. Ne2 Nxb5 12. Qxb5 Qc7 13. Nc3 e6 14. d3 a6
15. Qa4 b5 16. Qb3 Ne5 17. Rh3 c4 18. Qa3 O-O 19. f4 Nc6 20. Ne2 d5 21. e5 d4
22. dxc4 bxc4 23. Qc5 Rfd8 24. Qxc4 Qd7 25. Bd2 Rac8 26. Qxa6 f6 27. h5 fxe5
28. hxg6 hxg6 29. Qd3 Qf7 30. O-O-O exf4 31. Nxf4 Ne5 32. Qe4 Rd6 33. Rdh1 Rdc6
34. c3 dxc3 35. Bxc3 Rc4 36. Rh8+ Bxh8 37. Rxh8+ Kxh8 38. Qxe5+ Kh7 39. Nxe6
Rxc3+ 40. bxc3 Kg8 41. Ng5 Qxa2 42. Qf6 Qa3+ 43. Kc2 Qa4+ 44. Kd2 Qd7+ 45. Ke1
Re8+ 46. Kf1 Qf5 47. Qc6 Re5 48. Qa8+ Qf8 49. Qa2+ Kg7 50. Ne6+ Rxe6 51. Qxe6
Qc5 52. Qd7+ Kh6 53. Qd4 Qc6 54. Kg1 Kg5 55. Qe5+ Kg4 56. Qg3+ Kf5 57. Qd3+ Kf4
58. Kh2 Qc5 59. Qg3+ Kf5 60. Qf3+ Ke5 61. Qe3+ Kd6 62. Qd3+ Ke7 63. Qe4+ Kf6
64. Qd4+ Qxd4 65. cxd4 Ke6 1/2-1/2

[Event "Ans - Namur"]
[Site "?"]
[Date "2011.03.20"]
[Round "10.6"]
[White "Erwich, Frank"]
[Black "Hafner, Christian"]
[Result "1-0"]
[WhiteElo "2333"]
[BlackElo "2128"]
[PlyCount "101"]
[EventDate "2010.10.07"]
[SourceDate "2011.03.20"]

1. c4 Nf6 2. Nc3 c5 3. Nf3 Nc6 4. e3 g6 5. d4 cxd4 6. exd4 Bg7 7. d5 Nb8 8. Be2
d6 9. O-O Bg4 10. Be3 Nbd7 11. Rc1 O-O 12. b4 Bxf3 13. Bxf3 Rc8 14. Qb3 a6 15.
Na4 Ne5 16. Be2 Nxc4 17. Rxc4 Rxc4 18. Qxc4 b5 19. Qc6 bxa4 20. Bxa6 Qd7 21.
Qxd7 Nxd7 22. b5 Nc5 23. Rc1 Rb8 24. Bxc5 dxc5 25. Rxc5 Be5 26. Kf1 a3 27. Ke2
Kg7 28. Kd3 Bxh2 29. g3 h5 30. Rc3 h4 31. Ke4 hxg3 32. fxg3 f5+ 33. Ke5 Bg1 34.
Rxa3 Bc5 35. Rc3 Bb4 36. Rb3 Bd6+ 37. Ke6 Rb6 38. Kd7 Kf6 39. Rc3 Ke5 40. a4
Kxd5 41. a5 Rb8 42. b6 Kd4 43. Rc4+ Kd5 44. Rc3 Kd4 45. Rd3+ Kc5 46. Rxd6 exd6
47. Kc7 Rh8 48. Bc8 d5 49. b7 Rh7+ 50. Bd7 Rh8 51. a6 1-0

[Event "Namur - Ans"]
[Site "?"]
[Date "2011.03.20"]
[Round "10.7"]
[White "Poscic, Mark"]
[Black "Lafosse, Jimmy"]
[Result "0-1"]
[WhiteElo "1833"]
[BlackElo "2092"]
[PlyCount "60"]
[EventDate "2010.10.07"]
[SourceDate "2011.03.20"]

1. e4 c5 2. Nf3 a6 3. d4 cxd4 4. Nxd4 Nf6 5. Nc3 e5 6. Nb3 Bb4 7. Bd3 d5 8.
exd5 Nxd5 9. Bd2 Nxc3 10. bxc3 Bd6 11. O-O O-O 12. Qh5 f5 13. f4 e4 14. Bc4+
Kh8 15. Nd4 Bc5 16. Be3 Qa5 17. Kh1 Qxc3 18. Ne6 Bxe6 19. Bxc5 Bxc4 20. Rfd1
Be2 21. Qxf5 Nd7 22. Bxf8 Bxd1 23. Bxg7+ Qxg7 24. Rxd1 Nf6 25. h3 Re8 26. g4 e3
27. Re1 Ne4 28. Kg2 Qc3 29. Re2 Qc6 30. Kh2 Qc4 0-1

[Event "Ans - Namur"]
[Site "?"]
[Date "2011.03.20"]
[Round "10.8"]
[White "Hautot, Alain"]
[Black "Moens, Bernard"]
[Result "1/2-1/2"]
[WhiteElo "1966"]
[BlackElo "1634"]
[PlyCount "49"]
[EventDate "2010.10.07"]
[SourceDate "2011.03.20"]

1. e4 e6 2. d4 d5 3. Nc3 Nf6 4. Bg5 Be7 5. e5 Nfd7 6. Bxe7 Qxe7 7. f4 a6 8. Nf3
c5 9. Qd2 Nc6 10. Ne2 c4 11. Ng3 g6 12. h4 h5 13. Be2 f5 14. exf6 Nxf6 15. c3
Bd7 16. Qc2 Rg8 17. O-O O-O-O 18. b3 b5 19. Rfe1 Qd6 20. Ne5 Be8 21. bxc4 dxc4
22. a4 Nb8 23. axb5 axb5 24. Bf3 Nd5 25. Ne4 1/2-1/2

[Event "Eynatten 1 - Borgerhout"]
[Site "?"]
[Date "2011.03.20"]
[Round "10.1"]
[White "Mikhalevski, Victor"]
[Black "Wemmers, Xander"]
[Result "1-0"]
[WhiteElo "2630"]
[BlackElo "2475"]
[PlyCount "57"]
[EventDate "2010.10.07"]
[SourceDate "2010.10.07"]

1. d4 Nf6 2. c4 e6 3. g3 Bb4+ 4. Bd2 Qe7 5. Nf3 Nc6 6. Nc3 Bxc3 7. Bxc3 Ne4 8.
Rc1 O-O 9. Bg2 d6 10. O-O Nxc3 11. Rxc3 e5 12. d5 Nd8 13. c5 dxc5 14. Qc2 b6
15. b4 Nb7 16. Nd2 Rb8 17. bxc5 Nxc5 18. Nb3 Nxb3 19. axb3 Bd7 20. Rxc7 Rfc8
21. Qc6 Bxc6 22. Rxe7 Bb5 23. Rxe5 Re8 24. Rxe8+ Rxe8 25. Ra1 Bxe2 26. Rxa7 Bd1
27. d6 Re1+ 28. Bf1 Bf3 29. Rc7 1-0

[Event "Borgerhout - Eynatten 1"]
[Site "?"]
[Date "2011.03.20"]
[Round "10.2"]
[White "Docx, Stefan"]
[Black "Sumets, Andrey"]
[Result "1-0"]
[WhiteElo "2432"]
[BlackElo "2618"]
[PlyCount "111"]
[EventDate "2010.10.07"]
[SourceDate "2010.10.07"]

1. d4 d5 2. c4 dxc4 3. e3 e5 4. Bxc4 exd4 5. exd4 Nf6 6. Nc3 Bd6 7. Nge2 O-O 8.
O-O Nc6 9. a3 Bf5 10. Nb5 Re8 11. h3 a6 12. Nxd6 Qxd6 13. Bf4 Qd7 14. Rc1 Rad8
15. Ba2 h6 16. Re1 Re4 17. Bb1 Re7 18. Bxc7 Rde8 19. Be5 Bxb1 20. Rxb1 Nd5 21.
Qd2 Nb6 22. Bf4 Nc4 23. Qc3 b5 24. Ng3 Qxd4 25. Rxe7 Rxe7 26. Qf3 Qf6 27. Qg4
N6e5 28. Bxe5 Rxe5 29. a4 Nxb2 30. Qc8+ Kh7 31. Qc2+ g6 32. Rxb2 Re1+ 33. Kh2
bxa4 34. Ra2 Ra1 35. Qxa4 Rxa2 36. Qxa2 h5 37. Nf1 Kg7 38. Ne3 Qd6+ 39. Kg1 Qb6
40. Nc4 Qe6 41. Qa1+ Kg8 42. Qc3 Qe2 43. Qb4 Qd1+ 44. Kh2 Qd4 45. Qb8+ Kh7 46.
Ne3 Kg7 47. Qc7 Qb2 48. f4 Qf2 49. Qe5+ Kg8 50. f5 a5 51. f6 Kh7 52. Qe7 Kh6
53. Qf8+ Kg5 54. Qc5+ Kh4 55. Qe5 a4 56. Nd1 1-0

[Event "Eynatten 1 - Borgerhout"]
[Site "?"]
[Date "2011.03.20"]
[Round "10.5"]
[White "Horvath, Adam"]
[Black "Nieto, Emanuel"]
[Result "1-0"]
[WhiteElo "2501"]
[BlackElo "2382"]
[PlyCount "59"]
[EventDate "2010.10.07"]
[SourceDate "2010.10.07"]

1. e4 e5 2. Nf3 Nc6 3. Bc4 Nf6 4. d3 Bc5 5. Nc3 d6 6. Bg5 h6 7. Bxf6 Qxf6 8.
Nd5 Qd8 9. c3 a6 10. d4 exd4 11. cxd4 Ba7 12. Rc1 O-O 13. h3 Re8 14. O-O Rxe4
15. Bd3 Re8 16. Bb1 Bb6 17. Qd3 f5 18. Rfe1 Rxe1+ 19. Rxe1 Bd7 20. Qb3 Kh8 21.
Nxb6 cxb6 22. Qf7 Rc8 23. d5 Ne5 24. Nxe5 dxe5 25. Bxf5 Bxf5 26. Qxf5 Qf8 27.
Qxe5 Rc2 28. Qd4 Qc5 29. Re8+ Kh7 30. Qe4+ 1-0